| 000 | 01518cam a2200373 a 4500 | ||
|---|---|---|---|
| 999 |
_c21568 _d21568 |
||
| 001 | 14389542 | ||
| 003 | BDDh-ASL | ||
| 005 | 20231015030016.0 | ||
| 008 | 060525s2006 bg b 001 0 eng | ||
| 010 | _a 2006561512 | ||
| 020 | _z98483600225 | ||
| 025 | _aB-E-2006-561512; 27; 22 | ||
| 037 |
_bLibrary of Congress -- New Delhi Overseas Office _cTk350.00 ($425.00 U.S.) |
||
| 040 |
_aDLC _cDLC _dBDDh-ASL |
||
| 042 | _alcode | ||
| 043 | _aa-bg--- | ||
| 050 | 0 | 0 |
_aHQ1745.6.Z9 _bM3646 2006 |
| 082 |
_a324.2254 _bNAP |
||
| 100 | 1 | _aNaz, Farzana. | |
| 245 | 1 | 0 |
_aPathways to women's empowerment in Bangladesh / _cFarzana Naz. |
| 250 | _a1st ed. | ||
| 260 |
_aDhaka : _bA.H. Development Pub. House, _c2006. |
||
| 300 |
_a172 p. ; _c23 cm. |
||
| 500 | _aRevision of author's thesis (M. Phil.--University of Bergen, 2005). | ||
| 504 | _aIncludes bibliographical references (p. [165]-168) and index. | ||
| 520 | _aStudy with reference to effects of microcredit in changing the socio-economic status of rural women in Manigrām area under Rājshāhi District of Bangladesh. | ||
| 650 | 0 |
_aRural women _xEmployment _xResearch _zBangladesh _zManigrām. |
|
| 650 | 0 |
_aRural women _zBangladesh _zManigrām _xSocial conditions _xResearch. |
|
| 650 | 0 |
_aRural women _zBangladesh _zManigrām _xEconomic conditions _xResearch. |
|
| 650 | 0 |
_aMicrofinance _xSocial aspects _xResearch _zBangladesh _zManigrām. |
|
| 906 |
_a7 _bcbc _corigode _d3 _encip _f20 _gy-gencatlg |
||
| 942 |
_2ddc _cBK |
||